Marcelino Camacho / (Record no. 101653)

MARC details
000 -LEADER
campo de control de longitud fija 00563nam a2200193 i 4500
001 - NÚMERO DE CONTROL
campo de control 101653
003 - IDENTIFICADOR DE NÚMERO DE CONTROL
campo de control ES-MaACL
005 - FECHA Y HORA DE LA ÚLTIMA TRANSACCIÓN
campo de control 20250822063147.0
007 - CAMPO FIJO DE DESCRIPCIÓN FÍSICA--INFORMACIÓN GENERAL
campo de control de longitud fija t|
008 - DATOS DE LONGITUD FIJA--INFORMACIÓN GENERAL
campo de control de longitud fija 051021s1977 sp ||||1| spa d
100 1# - ENTRADA PRINCIPAL--NOMBRE DE PERSONA
Nombre de persona Melià, Josep,
Fechas asociadas al nombre 1939-2000
9 (RLIN) 173040
245 10 - MENCIÓN DEL TÍTULO
Título Marcelino Camacho /
Mención de responsabilidad, etc. Josep Meliá.
260 ## - PUBLICACIÓN, DISTRIBUCIÓN, ETC.
Lugar de publicación, distribución, etc. Madrid :
Nombre del editor, distribuidor, etc. Cambio 16,
Fecha de publicación, distribución, etc. 1977.
300 ## - DESCRIPCIÓN FÍSICA
Extensión 126 p. ;
Dimensiones 18 cm.
490 1# - MENCIÓN DE SERIE
Mención de serie Políticos para unas elecciones
830 0# - PUNTO DE ACCESO ADICIONAL DE SERIE-TÍTULO UNIFORME
Título uniforme Políticos para unas elecciones
9 (RLIN) 180986
852 ## - LOCALIZACIÓN
Ubicación ES-MaACL
Número de control de estantería A-6848
Sublocalización o colección R.95667
Holdings
Estatus retirado Estado de pérdida Estado de daño No para préstamo Biblioteca de origen Biblioteca actual Ubicación en estantería Fecha de adquisición Fuente de adquisición Total de préstamos Signatura topográfica completa Código de barras Visto por última vez Precio de reemplazo Tipo de ítem Koha
        Biblioteca del Ateneo de Madrid Biblioteca del Ateneo de Madrid Sala Pecera Planta 1 17/01/2008     A-6848 1106125 23/02/2023 23/02/2023 Libro impreso